[Event "VIE-chT"]
[Site "Hanoi"]
[Date "2022.03.31"]
[Round "6.12"]
[White "Nguyen, Huynh Minh Thien"]
[Black "Dau, Khuong Duy"]
[Result "1/2-1/2"]
[WhiteElo "2047"]
[BlackElo "1754"]
[PlyCount "120"]
[EventDate "2022.03.28"]
[EventType "swiss"]
[EventRounds "9"]
[EventCountry "VIE"]
[SourceTitle "EXT 2023"]
[Source "ChessBase"]
[SourceDate "2022.10.05"]
[SourceVersion "1"]
[SourceVersionDate "2022.10.05"]
[SourceQuality "1"]

1. Nf3 Nf6 2. g3 g6 3. Bg2 Bg7 4. 0-0 0-0 5. d4 d6 6. Re1 Nbd7 7. e4 e5 8. c3 c6 9. Nbd2 Qc7 10. Qc2 Re8 11. a4 a5 12. h3 h6 13. b3 b5 14. Ba3 Ba6 15. Rad1 Rad8 16. Bf1 Bf8 17. Bb2 Qa7 18. c4 bxa4 19. bxa4 exd4 20. Bxd4 Qc7 21. Nb3 Ne5 22. Nfd2 Bb7 23. Qc3 c5 24. Bxe5 dxe5 25. Qxa5 Qxa5 26. Nxa5 Bc8 27. Nab3 Rd6 28. Ra1 Red8 29. Nb1 Rb6 30. Ra3 Rb4 31. Nc3 Ba6 32. Nb5 Ne8 33. Nc1 Rd2 34. Nd3 Rxc4 35. Nxe5 Rcc2 36. Bd3 Rxf2 37. Bxc2 Rxc2 38. Rf3 Bc8 39. Rf2 Rxf2 40. Kxf2 Bg7 41. Nc6 Bd7 42. Nb8 Be6 43. a5 Bc4 44. Rb1 Bd3 45. Rb3 Bc4 46. a6 Bxb3 47. a7 Bc4 48. a8Q Bxb5 49. Nc6 Bxc6 50. Qxc6 Bd4+ 51. Kg2 Kf8 52. Qc8 Ke7 53. e5 h5 54. g4 hxg4 55. hxg4 Bxe5 56. Qxc5+ Ke6 57. Qc8+ Ke7 58. Qb7+ Ke6 59. Qb3+ Ke7 60. Qe3 Ke6 1/2-1/2

[Event "Eastern Asia-ch U18"]
[Site "Tornelo INT"]
[Date "2021.10.29"]
[Round "3"]
[White "Ganerdene, Sugar"]
[Black "Nguyen, Huynh Minh Thien"]
[Result "0-1"]
[WhiteElo "2109"]
[BlackElo "1840"]
[PlyCount "88"]
[EventDate "2021.10.29"]
[EventType "swiss"]
[EventRounds "9"]
[EventCountry "NET"]
[SourceTitle "CBM 205 Extra"]
[Source "ChessBase"]
[SourceDate "2022.01.31"]
[SourceVersion "1"]
[SourceVersionDate "2022.01.31"]
[SourceQuality "1"]

1. e4 c6 2. Nf3 d5 3. Nc3 Bg4 4. Be2 Nf6 5. h3 Bxf3 6. Bxf3 dxe4 7. Nxe4 Nxe4 8. Bxe4 Nd7 9. 0-0 Nf6 10. Bf3 e6 11. Re1 Qc7 12. d4 h6 13. c3 Bd6 14. Be3 a5 15. a4 0-0 16. Qb3 Nd5 17. Bd2 Bh2+ 18. Kh1 Bf4 19. Bxf4 Nxf4 20. Re4 Rad8 21. Rae1 Rd5 22. Qc2 Rf5 23. Bg4 Rf6 24. Qd2 Rd8 25. g3 Nd5 26. Kg1 c5 27. dxc5 h5 28. Be2 Nf4 29. Rd4 Rxd4 30. Qxd4 Nxh3+ 31. Kg2 e5 32. Qd5 Rxf2+ 33. Kxh3 Qc8+ 34. g4 Rxe2 35. Rxe2 Qxg4+ 36. Kh2 Qxe2+ 37. Kh3 Qg4+ 38. Kh2 e4 39. Qxb7 e3 40. c6 e2 41. c7 Qf4+ 42. Kg2 e1Q 43. c8Q+ Kh7 44. Qf3 Qed2+ 0-1

[Event "VIE-ch"]
[Site "Hanoi"]
[Date "2020.10.06"]
[Round "3"]
[White "Nguyen, Huynh Minh Thien"]
[Black "Dinh, Nho Kiet"]
[Result "1/2-1/2"]
[WhiteElo "2040"]
[BlackElo "1697"]
[PlyCount "87"]
[EventDate "2020.10.05"]
[EventType "swiss"]
[EventRounds "9"]
[EventCountry "VIE"]
[SourceTitle "EXT 2022"]
[Source "ChessBase"]
[SourceDate "2021.10.06"]
[SourceVersion "1"]
[SourceVersionDate "2021.10.06"]
[SourceQuality "1"]

1. d4 Nf6 2. Nf3 b6 3. g3 Bb7 4. Bg2 e6 5. c4 Be7 6. Nc3 0-0 7. Qc2 c5 8. dxc5 bxc5 9. 0-0 Nc6 10. a3 Rc8 11. Rd1 d6 12. Bf4 a6 13. Na4 Qc7 14. Bd2 Rfd8 15. Rac1 Nd7 16. b3 Bf6 17. Bf4 e5 18. Bd2 e4 19. Qxe4 Nd4 20. Qd3 Bxf3 21. exf3 Ne5 22. Qb1 Ne2+ 23. Kf1 Nxc1 24. Bxc1 Rb8 25. Qa2 Nc6 26. Be3 Nd4 27. Rd3 Qd7 28. Nb2 Qf5 29. Bxd4 Bxd4 30. Rd2 Re8 31. Nd1 Qe5 32. Kg1 g6 33. Bf1 Qe1 34. Kg2 a5 35. Qc2 Qe6 36. Bd3 f5 37. h4 Qd7 38. Nc3 Bxc3 39. Qxc3 Qg7 40. Qxa5 Rxb3 41. Bf1 Qc3 42. Qxc3 Rxc3 43. Rxd6 Rxa3 44. h5 1/2-1/2

[Event "VIE-ch"]
[Site "Ho Chi Minh City"]
[Date "2019.05.02"]
[Round "1"]
[White "Nguyen, Huynh Minh Huy"]
[Black "Nguyen, Huynh Minh Thien"]
[Result "1-0"]
[WhiteElo "2413"]
[BlackElo "2042"]
[PlyCount "69"]
[EventDate "2019.05.02"]
[EventType "swiss"]
[EventRounds "9"]
[EventCountry "VIE"]
[SourceTitle "CBM 190 Extra"]
[Source "ChessBase"]
[SourceDate "2019.07.15"]
[SourceVersion "1"]
[SourceVersionDate "2019.07.15"]
[SourceQuality "1"]

1. Nf3 Nf6 2. c4 g6 3. Nc3 d5 4. cxd5 Nxd5 5. Qa4+ Bd7 6. Qh4 Nf6 7. d4 Bg7 8. Bh6 0-0 9. e4 c5 10. Bxg7 Kxg7 11. e5 Ng4 12. h3 Nh6 13. dxc5 Nc6 14. Rd1 Qc7 15. Be2 Be6 16. 0-0 Rad8 17. Qe4 Qa5 18. Bb5 Bf5 19. Qe3 a6 20. Bxc6 bxc6 21. Nd4 Bd7 22. e6 fxe6 23. Qe5+ Kf7 24. Nb3 Qb4 25. Qc7 Nf5 26. Rxd7 Rc8 27. Qe5 Rfd8 28. Rfd1 Rxd7 29. Rxd7 a5 30. Ne4 h6 31. Nd6+ Nxd6 32. cxd6 Re8 33. Nd4 Qc4 34. Qf4+ Kg8 35. Rxe7 1-0

[Event "VIE Cup"]
[Site "Bac Giang"]
[Date "2018.05.31"]
[Round "3"]
[White "Pham, Anh Dung"]
[Black "Nguyen, Huynh Minh Thien"]
[Result "0-1"]
[WhiteElo "1917"]
[BlackElo "1915"]
[PlyCount "84"]
[EventDate "2018.05.30"]
[EventType "swiss"]
[EventRounds "9"]
[EventCountry "VIE"]
[SourceTitle "CBM 184 Extra"]
[Source "ChessBase"]
[SourceDate "2018.06.28"]
[SourceVersion "1"]
[SourceVersionDate "2018.06.28"]
[SourceQuality "1"]

1. e4 c6 2. d4 d5 3. exd5 cxd5 4. c4 Nf6 5. Nc3 Nc6 6. cxd5 Nxd5 7. Bc4 Nxc3 8. bxc3 e6 9. Ne2 Be7 10. 0-0 0-0 11. h3 b6 12. Qc2 Bb7 13. Bb3 Rc8 14. Bb2 Na5 15. Rad1 Nxb3 16. axb3 Bd6 17. Ng3 Qg5 18. Ne4 Qg6 19. f3 Bb8 20. c4 Rfd8 21. Rf2 f5 22. Nc3 Qg3 23. Bc1 Qh2+ 24. Kf1 Bg3 25. Bg5 Bxf2 26. Kxf2 Re8 27. d5 exd5 28. Nxd5 Qe5 29. Bf4 Qe6 30. Nc7 Rxc7 31. Bxc7 Qe3+ 32. Kf1 Bxf3 33. gxf3 Qxf3+ 34. Kg1 Re2 35. Rd8+ Kf7 36. Rd7+ Kg6 37. Rd6+ Kf7 38. Rd7+ Ke8 39. Rd8+ Ke7 40. Qxe2+ Qxe2 41. Rd5 Qe3+ 42. Kg2 Qxb3 0-1